LEADER 01356nam a2200289 a 4500 001 000000115140 003 CaOOAMICUS 005 20090401123619.0 008 090401s2009 it u000 u ita r 020 $z978-88-308-0957-4* 040 $aPUL$bita$dLDB 041 1 $aita$hger 100 1 $aBujo, Bénézet,$d1940-$0(OLS)http://pul/name/9345 240 10$aWider den Universalanspruch westlicher Moral.$lItaliano.$0(OLS)http://pul/title/144691 245 13$aLa pretesa universalità della morale occidentale :$bfondamenti di un'etica africana /$cBénézet Bujo ; presentazione di Giannino Piana. 260 $aAssisi :$bCittadella,$c2009. 300 $a336 p. ;$c21 cm. 490 1 $aQuestioni di etica teologica 504 $aBibliografia: p. [309]-329. 650 4$aEtica$zAfrica.$0(OLS)http://pul/subject/35226 830 0$aQuestioni di etica teologica.$0(OLS)http://pul/title/106064 850 $aPUL 852 $aPUL$W1$xSL Diritto e Scienze Sociali 3$y79$m303. 3 BUJBE 1$j131833$qDDC 21$B130821$CPULBib$Z2$F130821 $H110008 $82 941 1 $a9 996 $6020$z978-88-308-0957-4*$9(OLS)http://pul/number/140175 996 $6245$aLa pretesa universalità della morale occidentale :$bfondamenti di un'etica africana$9(OLS)http://pul/title/144692 996 $6260$aAssisi :$bCittadella$9(OLS)http://pul/publisher/49668 LEADER 01399nam a2200325 a 4500 001 000000168447 003 CaOOAMICUS 005 20180621105438.0 008 180621s2012 it fr z001 0 ita r 020 $a978-88-6244-223-7* 032 $aLibriCat 040 $aPUL$bita 082 04$a241 100 1 $aDe Stefano, Dario,$d1973-$0(OLS)http://pul/name/70176 245 10$aMorale cristiana e servizio ai "più piccoli" :$bper la difesa dell'embrione e degli ammalati di fine vita /$cDario de Stefano. 260 $aTodi :$bTau Editrice,$c©2012. 300 $aXII, 459 p. ;$c23 cm. 490 1 $aFedelmente 504 $aBibliografia: p. 443-459. 650 4$aVita$xMorale cristiana.$0(OLS)http://pul/subject/45512 650 4$aMorale cristiana.$0(OLS)http://pul/subject/33527 830 0$aFedelmente.$0(OLS)http://pul/title/141327 850 $aPUL 852 $aPUL$W1$xSL Religione 3$y85$m241 DESDA 1$j191901$qDDC 21$B196352$CPULBib$Z2$F196352 $H131031 $81 941 1 $a9 996 $6020$a978-88-6244-223-7*$9(OLS)http://pul/number/164422 996 $6082$a241$9(OLS)http://pul/classification/246 996 $6245$aMorale cristiana e servizio ai "più piccoli" :$bper la difesa dell'embrione e degli ammalati di fine vita$9(OLS)http://pul/title/142960 996 $6260$aTodi :$bTau Editrice$9(OLS)http://pul/publisher/81367